| 000 | 00481nam a22001697a 4500 | ||
|---|---|---|---|
| 999 |
_c62601 _d62601 |
||
| 005 | 20241216155459.0 | ||
| 008 | 241216s2024 enk||||| |||| 00| 0 eng d | ||
| 020 | _a9789464262841x | ||
| 041 | _aeng | ||
| 080 | _a94(37) S-93 | ||
| 245 |
_aSupplying the Roman Empire / _bLIMES XXV volume 4. |
||
| 264 |
_aLeiden, _c2024. |
||
| 300 |
_a385 p.: _bill.; _c29 cm. |
||
| 653 | _aრომის იმპერია | ||
| 653 | _aისტორია | ||
| 942 |
_2udc _cᲬᲘᲒᲜᲘ |
||